Statistics for Biblical People Whose Names Begin With P

Click here to take the quiz!

General Stats

  • This quiz has been taken 84 times
  • The average score is 7 of 15

Answer Stats

HintAnswer% Correct
One of the Twelve ApostlesPeter
99%
New Testament Traveling EvangelistPaul
97%
Egyptian RulerPharaoh
80%
Procurator Responsible for the Death Sentence of JesusPontius Pilate
72%
Apostle to Samaria, Baptized Ethiopian EunichPhilip
55%
Joseph's MasterPotiphar
49%
Colossian Christian Whom Paul Wrote a Letter ToPhilemon
45%
Son of Eli, Brother of Hophni, Corrupt PriestPhinehas
39%
Wife of AquilaPricilla
34%
Son of Judah & Tamar, Twin Brother of ZerahPerez
30%
Church Deaconess, Greeted by Paul in Romans 16Phoebe
30%
King of IsraelPekah
8%
Friend of Paul, Greeted by Paul in Romans 16Persis
4%
One of the Seven Deacons of the Jerusalem ChurchProchorus
4%
Roman Official of Malta at the Time of Paul's ShipwreckPublius
4%

Score Distribution

Percentile by Number Answered

Percent of People with Each Score

Your Score History

You have not taken this quiz